|
|
|
|
| LEADER |
00000nam a2200000 i 4500 |
| 001 |
DIGBRUJ394 |
| 003 |
NyNyDIG |
| 007 |
cr ||||||||||| |
| 008 |
230116s2022 ag ob 000 0 spa d |
| 006 |
m o d |
| 035 |
|
|
|a (OCoLC)1349281070
|
| 040 |
|
|
|a DGITA
|b eng
|e rda
|e pn
|c DGITA
|
| 020 |
|
|
|a 9789877604726
|q eBook
|
| 020 |
|
|
|z 9789877604719
|
| 050 |
1 |
4 |
|a HM598 ebook
|
| 245 |
0 |
0 |
|a Manual de teorías sociológicas :
|b introducción a los clásicos y contemporáneos /
|c Roberto von Sprecher (coordinador) ; autores, Roberto von Sprecher [and 4 others]
|
| 250 |
|
|
|a 1a ed.
|
| 264 |
|
1 |
|a Córdoba, Argentina :
|b Editorial Brujas,
|c [2022]
|
| 300 |
|
|
|a 1 online resource.
|
| 336 |
|
|
|a text
|b txt
|2 rdacontent
|
| 337 |
|
|
|a computer
|b c
|2 rdamedia
|
| 338 |
|
|
|a online resource
|b cr
|2 rdacarrier
|
| 347 |
|
|
|a text file
|2 rdaft
|
| 347 |
|
|
|b PDF
|
| 504 |
|
|
|a Includes bibliographical references.
|
| 588 |
0 |
|
|a Online resource; title from PDF title page (Digitalia, viewed January 16, 2023)
|
| 650 |
|
0 |
|a Sociology.
|
| 700 |
1 |
|
|a Sprecher, Roberto von
|q (Roberto Héctor von),
|d 1951-
|e editor.
|
| 791 |
2 |
|
|a Digitalia (Firm),
|e distributor.
|
| 793 |
0 |
|
|g Digitalia eBook Collection:
|a Editorial Brujas
|
| 776 |
0 |
8 |
|i Print version:
|t Manual de teorías sociológicas.
|b 1a ed.
|d Córdoba, Argentina : Editorial Brujas, [2022]
|z 9789877604719
|
| 856 |
4 |
0 |
|3 Digitalia Hispánica
|u https://www.digitaliapublishing.com/a/115322/
|
| 910 |
|
|
|a Premium collection: 2023
|